000 00459nam a2200157Ia 4500
003 OSt
005 20200629101237.0
008 190216s9999||||xx |||||||||||||| ||und||
040 _coclc
082 _a954.83
_bKAR/K
100 _aKareem, C K
_92074
245 0 _aKerala Under Haidar Ali And Tipu Sultan /
_cC K Kareem
260 _bPaico Pub.House,
_c1973.
_aCochin:
300 _a314p
942 _cBK
_2ddc
_h954.83
_iKAR/K
_k954.83
_mKAR/K
999 _c19427
_d19427